| 000 | 00378nam a2200169Ia 4500 | ||
|---|---|---|---|
| 100 | _aGoyal/ S.C./ Bakshi U A | ||
| 650 | _aElectrical Engineering | ||
| 250 | _a4 | ||
| 942 | _cBK | ||
| 654 | _aEngineering | ||
| 245 | _aPrinciples of Control Systems | ||
| 260 |
_bTechnical _aPune _c1997 |
||
| 082 |
_a629.8312 _bGOY |
||
| 300 | _a744 | ||
| 546 | _aENGLISH | ||
| 999 |
_c20717 _d20717 |
||